000 004620000a22001690004500
003 MACL
005 20151216143224.0
008 151216b xxu||||| |||| 00| 0 eng d
040 _aMACL
_cMACL
041 _aEnglish
082 _a001.94/STU
100 _aStuttman, H S
_920429
245 _aMysteries of Mind Space and Time
_bvol 7 The unexplained
260 _bH S Stuttman Inc Publishers
_c1992
650 _aGenealities
_920430
942 _cBK
_k001.94/STU
_2ddc
999 _c40005
_d40005